| 000 | 00752cam a22002178i 4500 | ||
|---|---|---|---|
| 020 | _a9789351509981 (pbk. : alk. paper) | ||
| 082 | 0 | 0 | _a307.116 |
| 100 | 1 |
_aSingh, Katar, _d1939- _eauthor. |
|
| 245 | 1 | 0 |
_aRural development : _bprinciples, policies and management / _cKatar Singh and Anil Shishodia. |
| 250 | _a 4th edition. | ||
| 260 |
_aLondon _bSage Texts _c2016 |
||
| 300 | _a335p | ||
| 504 | _aIncludes bibliographical references and index. | ||
| 650 | 0 |
_aRural development. _912569 |
|
| 650 | 0 |
_aRural development _981953 |
|
| 700 | 1 |
_aShishodia, Anil, _d1962- _981954 |
|
| 942 |
_2ddc _cBK |
||
| 999 |
_c586318 _d586318 |
||